Visualizzazione normale
Vista MARC
- Donath Orna
di Personal Name
Records bibliografici associati: 1
001 - CONTROL NUMBER
- control field: 56507
003 - CONTROL NUMBER IDENTIFIER
- control field: IT-RoPau
005 - DATE AND TIME OF LATEST TRANSACTION
- control field: 20170531153633.0
008 - FIXED-LENGTH DATA ELEMENTS
- fixed length control field: 170531|| aca||aabn | a|a d
040 ## - CATALOGING SOURCE
- Original cataloging agency: IT-RoPau
- Transcribing agency: IT-RoPau
100 ## - HEADING--PERSONAL NAME
- Personal name: Donath Orna
670 ## - SOURCE DATA FOUND
- Source citation: Work cat.: (IT-RoPau): Donath Orna, Donath Orna, 2017